Microwave and Radar Engineering (Record no. 5523)
[ view plain ]
| 000 -LEADER | |
|---|---|
| fixed length control field | 00354nam a2200145Ia 4500 |
| 008 - FIXED-LENGTH DATA ELEMENTS--GENERAL INFORMATION | |
| fixed length control field | 191201s2012 xx 000 0 und d |
| 082 ## - DEWEY DECIMAL CLASSIFICATION NUMBER | |
| Classification number | 621.3813 |
| Item number | KUM |
| 100 ## - MAIN ENTRY--PERSONAL NAME | |
| Personal name | KULKARNI, M |
| 245 #0 - TITLE STATEMENT | |
| Title | Microwave and Radar Engineering |
| 250 ## - EDITION STATEMENT | |
| Edition statement | 4th |
| 260 ## - PUBLICATION, DISTRIBUTION, ETC. (IMPRINT) | |
| Place of publication, distribution, etc | N.Delhi |
| Name of publisher, distributor, etc | Umesh Publications |
| Date of publication, distribution, etc | 2012 |
| 300 ## - PHYSICAL DESCRIPTION | |
| Extent | 677 |
| 650 ## - SUBJECT ADDED ENTRY--TOPICAL TERM | |
| Topical term or geographic name as entry element | B.Tech(ECE) |
| 942 ## - ADDED ENTRY ELEMENTS (KOHA) | |
| Source of classification or shelving scheme | Dewey Decimal Classification |
| Koha item type | Text Books |
| Withdrawn status | Lost status | Source of classification or shelving scheme | Damaged status | Not for loan | Collection code | Home library | Current library | Date acquired | Source of acquisition | Cost, normal purchase price | Bill Number | Total Checkouts | Full call number | Acc. no. / Barcode | Checked out | Date last seen | Date last borrowed | Bill Date | Koha item type | Public note |
|---|---|---|---|---|---|---|---|---|---|---|---|---|---|---|---|---|---|---|---|---|
| Dewey Decimal Classification | B.Tech(ECE) | PIET C-LIBRARY | PIET C-LIBRARY | 01/10/2012 | IBH, New Delhi | 365.00 | 12448 | 1 | 621.3813 KUM | 21177 | 20/07/2022 | 21/01/2022 | 21/01/2022 | 27/09/2012 | Text Books | . | ||||
| Dewey Decimal Classification | B.Tech(ECE) | PIET C-LIBRARY | PIET C-LIBRARY | 01/10/2012 | IBH, New Delhi | 365.00 | 12448 | 4 | 621.3813 KUM | 21178 | 25/02/2022 | 10/02/2022 | 27/09/2012 | Text Books | ||||||
| Dewey Decimal Classification | B.Tech(ECE) | PIET C-LIBRARY | PIET C-LIBRARY | 01/10/2012 | IBH, New Delhi | 365.00 | 12448 | 1 | 621.3813 KUM | 21179 | 09/03/2022 | 12/03/2021 | 27/09/2012 | Text Books | ||||||
| Dewey Decimal Classification | B.Tech(ECE) | PIET C-LIBRARY | PIET C-LIBRARY | 01/10/2012 | IBH, New Delhi | 365.00 | 12448 | 3 | 621.3813 KUM | 21180 | 25/02/2022 | 23/12/2021 | 27/09/2012 | Text Books | ||||||
| Dewey Decimal Classification | B.Tech(ECE) | PIET C-LIBRARY | PIET C-LIBRARY | 01/10/2012 | IBH, New Delhi | 365.00 | 12448 | 4 | 621.3813 KUM | 21181 | 06/11/2023 | 22/02/2022 | 27/09/2012 | Text Books | ||||||
| Dewey Decimal Classification | B.Tech(ECE) | PIET C-LIBRARY | PIET C-LIBRARY | 01/10/2012 | IBH, New Delhi | 365.00 | 12448 | 1 | 621.3813 KUM | 21182 | 30/12/2021 | 27/12/2021 | 27/09/2012 | Text Books |